Odhad alternatívnych mier efektívnosti v DEA modeloch
Tradičné modely DEA (Data envelopment analysis). Vstupovo orientovaný DEA model - technická efektívnosť. Výstupovo orientovaný DEA model - technická efektívnosť. Rozšírenia tradičných DEA modelov. Nákladová a alokovaná efektívnosť v DEA modeloch. Efektívnosť tržieb. Efektívnosť zisku. Kvázi fixné v...
Salvato in:
| Autore principale: | |
|---|---|
| Natura: | Capitolo di libro |
| Lingua: | slovacco |
| Soggetti: | |
| Tags: |
Nessun Tag, puoi essere il primo ad aggiungerne!!
|
MARC
| LEADER | 00000nla$a2200000$$$4500 | ||
|---|---|---|---|
| 001 | 0126496 | ||
| 005 | 20240502083319.9 | ||
| 041 | 0 | |a slo | |
| 044 | |a CZ | ||
| 245 | 1 | 0 | |a Odhad alternatívnych mier efektívnosti v DEA modeloch |c Andrea Furková |
| 520 | |a Tradičné modely DEA (Data envelopment analysis). Vstupovo orientovaný DEA model - technická efektívnosť. Výstupovo orientovaný DEA model - technická efektívnosť. Rozšírenia tradičných DEA modelov. Nákladová a alokovaná efektívnosť v DEA modeloch. Efektívnosť tržieb. Efektívnosť zisku. Kvázi fixné vstupy a efektívnosť v krátkodobom horizonte. | ||
| 610 | 2 | 0 | |a modelovanie |
| 610 | 2 | 0 | |a modely |
| 610 | 2 | 0 | |a efektívnosť |
| 610 | 2 | 0 | |a náklady |
| 610 | 2 | 0 | |a tržby |
| 610 | 2 | 0 | |a zisk |
| 610 | 2 | 0 | |a analýzy |
| 100 | 1 | |a Furková, Andrea, 1975- | |